[Event "Benidorm op U2000 13th"]
[Site "Benidorm"]
[Date "2014.12.03"]
[Round "6"]
[White "Gambini, Stephane"]
[Black "Izagirre Alsua, Aritz"]
[Result "1/2-1/2"]
[WhiteElo "1993"]
[BlackElo "1889"]
[PlyCount "96"]
[EventDate "2014.11.28"]
[EventType "swiss"]
[EventRounds "10"]
[EventCountry "ESP"]
[SourceTitle "CBM 163 Extra"]
[Source "ChessBase"]
[SourceDate "2014.12.23"]
[SourceVersion "1"]
[SourceVersionDate "2014.12.23"]
[SourceQuality "1"]

1. e4 c5 2. Nc3 Nc6 3. g3 g6 4. Bg2 Bg7 5. f4 e6 6. Nf3 Nge7 7. d3 d5 8. e5 a6 9. 0-0 0-0 10. Qe1 b5 11. Bd2 Bb7 12. Nd1 Rc8 13. c3 d4 14. c4 bxc4 15. dxc4 a5 16. Nf2 Qb6 17. Ne4 Rb8 18. Nf6+ Kh8 19. Nd7 Qa7 20. Nxf8 Bxf8 21. Ng5 Kg8 22. Ne4 Nb4 23. Nf6+ Kg7 24. Bxb4 Bxg2 25. Kxg2 Rxb4 26. b3 Nf5 27. Rf2 a4 28. Rb1 Ne3+ 29. Kg1 Qb7 30. g4 h6 31. h4 Be7 32. f5 exf5 33. gxf5 Bxf6 34. exf6+ Kxf6 35. fxg6+ Kxg6 36. Qe2 Qe4 37. Rbf1 Qxh4 38. Rf6+ Qxf6 39. Rxf6+ Kxf6 40. Qf3+ Ke5 41. Qxf7 axb3 42. axb3 Rxb3 43. Qe7+ Kf4 44. Qxc5 Rb1+ 45. Kf2 Rb2+ 46. Ke1 Rb1+ 47. Kd2 Rb2+ 48. Ke1 d3 1/2-1/2

[Event "San Sebastian Gros op 24th"]
[Site "San Sebastian"]
[Date "2014.09.21"]
[Round "2"]
[White "Izagirre Alsua, Aritz"]
[Black "Onate del Moral, Daniel"]
[Result "1-0"]
[WhiteElo "1954"]
[BlackElo "1206"]
[PlyCount "33"]
[EventDate "2014.09.21"]
[EventType "swiss"]
[EventRounds "9"]
[EventCountry "ESP"]
[SourceTitle "EXT 2015"]
[Source "ChessBase"]
[SourceDate "2014.11.20"]
[SourceVersion "1"]
[SourceVersionDate "2014.11.20"]
[SourceQuality "1"]

1. e4 e5 2. Nf3 Nc6 3. Bb5 d6 4. c3 g6 5. 0-0 Bg7 6. h3 a6 7. Ba4 f5 8. exf5 Bxf5 9. d4 b5 10. Bb3 Na5 11. Bc2 Bxc2 12. Qxc2 exd4 13. Re1+ Ne7 14. Bg5 Nac6 15. Nxd4 Bxd4 16. cxd4 d5 17. Qxc6+ 1-0

[Event "Donostia Spring op 10th"]
[Site "Donostia"]
[Date "2014.06.07"]
[Round "5.5"]
[White "Lertxundi Azpiazu, Jon"]
[Black "Izagirre Alsua, Aritz"]
[Result "1-0"]
[WhiteElo "1565"]
[BlackElo "1912"]
[PlyCount "53"]
[EventDate "2014.05.10"]
[EventType "swiss"]
[EventRounds "7"]
[EventCountry "ESP"]
[SourceTitle "EXT 2024"]
[Source "ChessBase"]
[SourceDate "2023.10.10"]
[SourceVersion "1"]
[SourceVersionDate "2023.10.10"]
[SourceQuality "1"]

1. c4 c6 2. d4 d5 3. e3 Nf6 4. Nc3 a6 5. h3 e6 6. a3 c5 7. Nf3 Nc6 8. dxc5 Bxc5 9. b4 Be7 10. Bb2 0-0 11. Bd3 dxc4 12. Bxc4 b5 13. Bd3 Bb7 14. 0-0 Rc8 15. Qe2 Bd6 16. Rfd1 Qe7 17. Ne4 Nxe4 18. Bxe4 f5 19. Bc2 e5 20. Bb3+ Kh8 21. Rd2 Bc7 22. Rad1 Rfd8 23. h4 h6 24. Ng5 Rxd2 25. Rxd2 Nd8 26. Qh5 Qf6 27. Qe8+ 1-0